000 00802nam a22002057a 4500
999 _c14097
_d14097
003 AR-CdUCM
008 190422b ||||| |||| 00| 0 spa d
040 _aMUNICIPALIDAD PROVINCIAL DEL CUSCO
_cBIBLIOTECA MUNICIPAL DEL CUSCO
082 _aC / 300 /
_bD44
110 _aComité de defensa de los derechos humanos Cusco
_932764
245 _aDeclaraciones de principios :
_bEstatuto /
260 _aCusco
_bCODEH CUSCO,
_c1981.
300 _a15 páginas ;
_c21 cm.
505 _aContenido : Declaraciones de principios -- Por ello el CODEH - CUSCO proclama -- Con estas convicciones -- Estatuto del comité de defensa de los derechos humanos - Cusco ...
650 _aDerechos
_96548
650 _aHumanos
_932765
650 _aEstatuto
_931625
942 _2ddc
_cFOLLETOS
945 _arah
_d22/04/2019